Analýza vlastností SiGe heterobipolárneho tranzistora
Salvato in:
| Autore principale: | |
|---|---|
| Altri autori: | , |
| Natura: | Manoscritto Libro |
| Pubblicazione: |
Bratislava :
STU v Bratislave FEI,
2009
|
| Soggetti: | |
| Tags: |
Nessun Tag, puoi essere il primo ad aggiungerne!!
|
MARC
| LEADER | 00000ntm a22000003a 4500 | ||
|---|---|---|---|
| 001 | stu195360 | ||
| 005 | 20150617230023.0 | ||
| 008 | 091103s2009----------------------------d | ||
| 040 | |a STU |b slo | ||
| 041 | 0 | ||
| 100 | 1 | |a Bednár, Martin |4 aut |u E |T FEI Fakulta elektrotechniky a informatiky |U E |Y 30 | |
| 245 | 1 | |a Analýza vlastností SiGe heterobipolárneho tranzistora | |
| 260 | |a Bratislava : |b STU v Bratislave FEI, |c 2009 | ||
| 300 | |a 58 s | ||
| 650 | 7 | |a elektronika |2 stusub | |
| 650 | 7 | |a Mikroelektronika |2 stusub | |
| 650 | 7 | |a tranzistory |2 stusub | |
| 700 | 1 | |a Kinder, Rudolf, |d 1940- |4 ths |u E030 |U FEI Fakulta elektrotechniky a informatiky |T FEI Ústav elektroniky a fotoniky |X 2115 |U E030 |Y 549 |7 A000002115 | |
| 700 | 1 | |a Stuchlíková, Ľubica, |d 1967- |4 ths |u E030 |U FEI Fakulta elektrotechniky a informatiky |T FEI Ústav elektroniky a fotoniky |X 1997 |U E030 |Y 549 |7 A000001997 | |